000 00581cam a2200205 i 4500
001 37480
005 20230410102138.0
008 070411b1970 dr a 000 0 spa
041 0 _aspa
050 1 4 _a118 PQ 7409
_bA516t 1970
082 0 0 _aRD863.44
100 1 _aAmiama, Manuel Antonio,
_d1899-1991.
245 1 3 _aEl terrateniente :
_bnovela /
_cManuel Antonio Amiama
260 _aSanto Domingo, R. D. :
_bImp. Arte y Cine,
_c1970
300 _a179 p.
650 4 _aNovela dominicana
650 4 _aLiteratura dominicana
650 0 _aDominican literature.
942 _2lcc
_cbk
999 _c19951
_d19951